| 000 | 00714nam a2200229Ia 4500 | ||
|---|---|---|---|
| 003 | OSt | ||
| 005 | 20241106142427.0 | ||
| 008 | 210716s2006 xx 000 0 und d | ||
| 020 | _a9780195305999 | ||
| 040 | _cAIMIT LIBRARY | ||
| 041 | _aeng | ||
| 082 |
_a609 _21 _bLIEJ |
||
| 100 |
_aLienhard, John H. _9184345 |
||
| 245 |
_aHow inventions begins : _bechoes of old voices in the rise of new machines / _cBy John H Lienhard. |
||
| 250 | _a1st ed. | ||
| 260 |
_aNew York : _bOxford University Press , _c2006. |
||
| 300 |
_aix,277P. ; _bHB _c25 cm |
||
| 650 |
_aPriority and apriority _9184346 |
||
| 650 |
_aSteam and speed _9184347 |
||
| 650 |
_aWriting and showing _9184348 |
||
| 942 |
_2ddc _cBK _e1st _k609 LIEJ |
||
| 999 |
_c206435 _d206435 |
||